Österreichs Fiskalpolitik im europäischen Kontext: Handlungsspielräume bei niedrigen Zinsen und Wirtschaftsabschwung (Record no. 8873)
[ view plain ]
| 000 -LEADER | |
|---|---|
| fixed length control field | 05264nam a22003377u 4500 |
| 001 - CONTROL NUMBER | |
| control field | pwiiw5230 |
| 003 - CONTROL NUMBER IDENTIFIER | |
| control field | OSt |
| 005 - DATE AND TIME OF LATEST TRANSACTION | |
| control field | 20260516120049.0 |
| 008 - FIXED-LENGTH DATA ELEMENTS--GENERAL INFORMATION | |
| fixed length control field | 200218t2020 au ||||| |||||||| ||ger d |
| 040 ## - CATALOGING SOURCE | |
| Transcribing agency | OSt |
| 041 ## - LANGUAGE CODE | |
| Language code of text/sound track or separate title | ger |
| 084 ## - OTHER CLASSIFICATION NUMBER | |
| Classification number | E61 |
| -- | E62 |
| Number source | jelc |
| 100 1# - MAIN ENTRY--PERSONAL NAME | |
| Personal name | Heimberger, Philipp |
| 245 10 - TITLE STATEMENT | |
| Title | Österreichs Fiskalpolitik im europäischen Kontext: Handlungsspielräume bei niedrigen Zinsen und Wirtschaftsabschwung |
| 260 ## - PUBLICATION, DISTRIBUTION, ETC. | |
| Place of publication, distribution, etc. | Wien : |
| Name of publisher, distributor, etc. | Wiener Institut für Internationale Wirtschaftsvergleiche (wiiw), |
| Date of publication, distribution, etc. | 2020. |
| 300 ## - PHYSICAL DESCRIPTION | |
| Extent | 28 S., |
| Other physical details | 2 Tables and 10 Figures, |
| Dimensions | 30cm. |
| 490 1# - SERIES STATEMENT | |
| Series statement | wiiw Research Reports in German Language |
| Volume/sequential designation | 16 |
| 520 ## - SUMMARY, ETC. | |
| Summary, etc. | This publication is available in German language only.<br/><br/>For a brief English summary see further below.<br/><br/>Diese Studie analysiert die Spielräume und Handlungsoptionen der Fiskalpolitik in Österreich für die kommenden Jahre im europäischen Kontext. Unter der bestehenden Zins-Wachstumskonstellation bestehen in Österreich ebenso wie in mehreren anderen Eurozonenländern erhebliche Spielräume für eine expansivere Ausrichtung der Fiskalpolitik, ohne dass die Stabilität der öffentlichen Finanzen gefährdet wäre. Die bestehenden europäischen und nationalen Fiskalregeln erlauben dem österreichischen Gesamtstaat für das Jahr 2020 einen fiskalischen Stimulus von bis zu 3 Milliarden Euro (0,7% des BIP), wobei aktuell für das Jahr 2021 von einem mindestens ebenso hohen Spielraum auszugehen ist. Selbst bei einer vollständigen Ausschöpfung dieses Potenzials für eine expansivere fiskalpolitische Ausrichtung würde die Staatsschuldenquote weiter in Richtung des in den EU-Fiskalregeln festgelegten Grenzwerts von 60% des BIP absinken. Fiskalische Stabilisierungspolitik sollte im Wirtschaftsabschwung zeitgerecht umgesetzt, auf besonders betroffene Menschen zielgerichtet und temporär sein, um möglichst effektiv Beschäftigung und Wirtschaftswachstum zu fördern. Expansive fiskalpolitische Maßnahmen, die diesen Kriterien entsprechen, sind beispielsweise zusätzliche AMS-Mittel für Vermittlung und Qualifizierung, Kurzarbeitsbeihilfe, Sonderabschreibungen für Investitionen, und öffentliche Investitionen. Für öffentliche Investitionen lässt sich aktuell im Bereich der Klimapolitik jedoch unabhängig von der konjunkturellen Lage ein öffentlicher Investitionsbedarf feststellen. Insoweit ein langfristig angelegtes Investitionsprogramm nicht im Rahmen der kurzfristig vorhandenen fiskalischen Spielräume finanzierbar ist, könnten die Fiskalregeln adaptiert werden, um die Spielräume für investive Ausgaben des Staates (insbesondere in den Klimaschutz) zielgerecht auszuweiten. Dabei kommt etwa die Einführung einer goldenen Regel für öffentliche Investitionen in Frage, die öffentliche Nettoanlageinvestitionen aus den spielraumbeschränkenden Defizitmaßen herausrechnet.<br/><br/>English Summary<br/><br/>Austria's fiscal policy in a European context: Fiscal policy space in times of low interest rates and economic downturn<br/><br/>This study analyses the fiscal policy space in Austria for the coming years in a European context. Under the existing interest-growth constellation, there is considerable scope for a more expansionary fiscal policy stance in Austria as well as in several other euro area countries (including Germany and the Netherlands), and a well-dosed expansionary fiscal policy stance would not jeopardise the stability of public finances. The existing fiscal rules allow the Austrian state a fiscal stimulus of up to EUR 3 billion (0.7% of GDP) for the year 2020, with at least as much room for manoeuvre currently expected for 2021. Even if this potential for a more expansionary fiscal policy stance were to be fully exploited, the public debt-to-GDP-ratio would continue to fall towards the 60% of GDP limit set by the EU’s fiscal rules. Fiscal stabilisation policies should be timely, targeted at particularly affected people and temporary in order to promote employment and economic growth as effectively as possible. Expansionary fiscal policy measures that meet these criteria would include, for example, additional AMS funds for placement and qualification, short-time work subsidies, special depreciation possibilities for companies’ investment, and public investment. However, a need for additional public investment can currently be identified in the area of climate policy, irrespective of business cycle conditions. To the extent that a long-term investment programme cannot be financed within the existing fiscal framework, the fiscal rules could be adapted in order to expand the space for public investment (especially to tackle climate change). This could involve, for example, the introduction of a golden rule for public investment, which would remove public net fixed capital formation from the deficit indicators that restrict the room for manoeuvre.<br/> |
| 650 ## - SUBJECT ADDED ENTRY--TOPICAL TERM | |
| Topical term or geographic name entry element | Fiskalpolitik |
| 650 ## - SUBJECT ADDED ENTRY--TOPICAL TERM | |
| Topical term or geographic name entry element | Österreich |
| 650 ## - SUBJECT ADDED ENTRY--TOPICAL TERM | |
| Topical term or geographic name entry element | Staatsschulden |
| 650 ## - SUBJECT ADDED ENTRY--TOPICAL TERM | |
| Topical term or geographic name entry element | Investitionen |
| 651 ## - SUBJECT ADDED ENTRY--GEOGRAPHIC NAME | |
| Geographic name | Austria |
| 651 ## - SUBJECT ADDED ENTRY--GEOGRAPHIC NAME | |
| Geographic name | Euro Area |
| 651 ## - SUBJECT ADDED ENTRY--GEOGRAPHIC NAME | |
| Geographic name | Germany |
| 651 ## - SUBJECT ADDED ENTRY--GEOGRAPHIC NAME | |
| Geographic name | Italy |
| 690 ## - LOCAL SUBJECT ADDED ENTRY--TOPICAL TERM (OCLC, RLIN) | |
| Topical term or geographic name as entry element | Macroeconomic Analysis and Policy |
| 830 #0 - SERIES ADDED ENTRY--UNIFORM TITLE | |
| Volume/sequential designation | 16 |
| Bibliographic record control number | WIIW0000108 |
| Title of a work | wiiw Research Reports in German Language |
| 856 40 - ELECTRONIC LOCATION AND ACCESS | |
| Uniform Resource Identifier | <a href="https://wiiw.ac.at/p-5230.html">https://wiiw.ac.at/p-5230.html</a> |
| 942 ## - ADDED ENTRY ELEMENTS (KOHA) | |
| Koha item type | Paper |
| Withdrawn status | Lost status | Damaged status | Not for loan | Home library | Current library | Shelving location | Date acquired | Inventory number | Total Checkouts | Barcode | Date last seen | Price effective from | Koha item type |
|---|---|---|---|---|---|---|---|---|---|---|---|---|---|
| WIIW | WIIW | Library | 02/18/2020 | pwiiw5230 | 1000010005230 | 02/18/2020 | 02/19/2020 | Paper |
